00453nam a2200181 a 45000010005000000030009000050080041000140400028000550820018000831000027001012450040001282500007001682600041001753000010002166500016002269420012002429990017002545795CO-ViMGA141112s2004 ck r 000 u spa d aCO-ViMGAbspacCO-ViMGA04a370.152 J654f1 aJolibet, Josette9517510aFormar niños productores de texto a7a aSantiago de chile : bDolmen, c1997 a233 p14aAPRENDIZAJE 2ddccBK c17773d17773